Biology and Conservation of Sea Turtles (Record no. 593855)

MARC details
000 -LEADER
fixed length control field 00430nam a2200145Ia 4500
008 - FIXED-LENGTH DATA ELEMENTS--GENERAL INFORMATION
fixed length control field 100415s9999 xx 000 0 und d
082 ## - DEWEY DECIMAL CLASSIFICATION NUMBER
Item number 10929
Classification number 598.13
100 ## - MAIN ENTRY--PERSONAL NAME
Personal name Bjorndal,K.A
245 ## - TITLE STATEMENT
Title Biology and Conservation of Sea Turtles
260 ## - PUBLICATION, DISTRIBUTION, ETC. (IMPRINT)
Place of publication, distribution, etc PRESTON
Date of publication, distribution, etc 1981
Name of publisher, distributor, etc SMITHONIAN INSTITUTION
365 ## - TRADE PRICE
Price amount 0
630 ## - SUBJECT ADDED ENTRY--UNIFORM TITLE
Uniform title Biology and Conservation of Sea Turtles
730 ## - ADDED ENTRY--UNIFORM TITLE
Uniform title Biology and Conservation of Sea Turtles
942 ## - ADDED ENTRY ELEMENTS (KOHA)
Koha item type Book
Holdings
Withdrawn status Lost status Damaged status Not for loan Home library Current library Date acquired Cost, normal purchase price Total Checkouts Full call number Barcode Date last seen Price effective from Koha item type
        Bombay Natural History Society Bombay Natural History Society 09/01/1985 0.00   598.13 10929 BNHS-10929 04/15/2010 04/15/2010 Book